Abtreibung und die Grenzen des Strafrechts
| Main Author: | |
|---|---|
| Format: | Print Book |
| Language: | German |
| Published: |
Berlin
Duncker und Humblot
1997
|
| In: |
Strafrechtliche Abhandlungen (N.F., 104)
Year: 1997 |
| Online Access: |
Contents Table of Contents Table of Contents Publisher information |
| Check availability: | HBZ Gateway |
| Subito Delivery Service: | Order now. |
| Keywords: |
MARC
| LEADER | 00000cam a2200000 c 4500 | ||
|---|---|---|---|
| 001 | 236320394 | ||
| 003 | DE-627 | ||
| 005 | 20260206201953.0 | ||
| 007 | tu | ||
| 008 | 971110s1997 gw ||||| m 00| ||ger c | ||
| 015 | |a 97,N47,0221 |2 dnb | ||
| 015 | |a 98,A05,0421 |2 dnb | ||
| 016 | 7 | |a 952003651 |2 DE-101 | |
| 020 | |a 3428090810 |c : DM 84.00, S 613.00, sfr 76.00 (brosch.) |9 3-428-09081-0 | ||
| 035 | |a (DE-627)236320394 | ||
| 035 | |a (DE-603)055094961 | ||
| 035 | |a (DE-576)06280541X | ||
| 035 | |a (DE-599)GBV236320394 | ||
| 035 | |a (OCoLC)231709240 | ||
| 035 | |a (OCoLC)722369966 | ||
| 035 | |a (OCoLC)42862058 | ||
| 040 | |a DE-627 |b ger |c DE-627 |e rakwb | ||
| 041 | |a ger | ||
| 044 | |c XA-DE | ||
| 082 | 0 | |a 345.43/0285 | |
| 082 | 0 | |a 345.430285 |q LoC |2 DDC21oclc | |
| 084 | |a 19 |a 33 |a 16 |a 10 |2 sdnb | ||
| 084 | |a PJ 3020 |2 rvk |0 (DE-625)rvk/136703: | ||
| 084 | |a PH 2100 |2 rvk |0 (DE-625)rvk/135978: | ||
| 084 | |a 86.35 |2 bkl | ||
| 084 | |a 71.33 |2 bkl | ||
| 100 | 1 | |a Kayßer, Marijon |4 aut | |
| 245 | 1 | 0 | |a Abtreibung und die Grenzen des Strafrechts |c von Marijon Kayßer |
| 263 | |a brosch. : DM 84.00, S 613.00, sfr 76.00 | ||
| 264 | 1 | |a Berlin |b Duncker und Humblot |c 1997 | |
| 300 | |a 185 S. | ||
| 336 | |a Text |b txt |2 rdacontent | ||
| 337 | |a ohne Hilfsmittel zu benutzen |b n |2 rdamedia | ||
| 338 | |a Band |b nc |2 rdacarrier | ||
| 490 | 1 | |a Strafrechtliche Abhandlungen |v N.F., 104 | |
| 500 | |a Literaturverz. S. [169] - 185 | ||
| 502 | |a Zugl.: Frankfurt (Main), Univ., Diss., 1996 | ||
| 650 | 4 | |a Abtreibung, Strafrecht, Rechtfertigung, Konzeption, Verbot, Bundesverfassungsgericht, Einleitung, Bestrafung, Entscheidung, Schutz | |
| 655 | 7 | |a Hochschulschrift |0 (DE-588)4113937-9 |0 (DE-627)105825778 |0 (DE-576)209480580 |2 gnd-content | |
| 689 | 0 | 0 | |d s |0 (DE-588)4053732-8 |0 (DE-627)106165755 |0 (DE-576)209105348 |a Schwangerschaftsabbruch |2 gnd |
| 689 | 0 | 1 | |d s |0 (DE-588)4131795-6 |0 (DE-627)105692506 |0 (DE-576)209630256 |a Strafbarkeit |2 gnd |
| 689 | 0 | 2 | |d s |0 (DE-588)4133444-9 |0 (DE-627)105680044 |0 (DE-576)209643994 |a Strafrechtstheorie |2 gnd |
| 689 | 0 | |5 DE-101 | |
| 751 | |a Frankfurt am Main |0 (DE-588)4018118-2 |0 (DE-627)106327356 |0 (DE-576)208922695 |4 uvp | ||
| 830 | 0 | |a Strafrechtliche Abhandlungen |v N.F., 104 |9 NF,104 |w (DE-627)130113891 |w (DE-576)015644383 |w (DE-600)504194-6 |x 0720-7271 |7 am | |
| 856 | 4 | 2 | |u https://swbplus.bsz-bw.de/bsz06280541xvlg.htm |m V:DE-576 |v 2006-08-08 |3 Inhaltstext |7 1 |
| 856 | 4 | 2 | |u https://swbplus.bsz-bw.de/bsz06280541xinh.htm |m V:DE-576 |v 2008-08-14 |3 Inhaltsverzeichnis |7 1 |
| 856 | 4 | 2 | |u http://scans.hebis.de/HEBCGI/show.pl?05509496_toc.pdf |m V:DE-603;B:DE-17 |q application/pdf |3 Inhaltsverzeichnis |7 1 |
| 856 | 4 | 2 | |u http://scans.hebis.de/HEBCGI/show.pl?05509496_vlg.html |m V:DE-576 |q text/html |3 Verlagsinformation |7 1 |
| 889 | |w (DE-627)27233314X | ||
| 935 | |i Blocktest | ||
| 935 | |h HEB |i 0501 | ||
| 935 | |h HEB |i 0503 | ||
| 936 | r | v | |a PJ 3020 |b Schwangerschaftsabbruch, Sterilisation |k Rechtswissenschaft |k Medizinrecht (Biorecht, Recht des Gesundheitswesens, Arzneimittel- und Medizinproduktrecht, Medizinstrafrecht, Apothekenrecht) |k Recht des Gesundheitswesens |k Medizinstrafrecht |k Schwangerschaftsabbruch, Sterilisation |0 (DE-627)1448228212 |0 (DE-625)rvk/136703: |0 (DE-576)378228218 |
| 936 | r | v | |a PH 2100 |b Schriftenreihen, Serien |k Rechtswissenschaft |k Strafrecht, Strafverfahrensrecht, Kriminologie |k Allgemeines und Geschichte |k Allgemeines |k Schriftenreihen, Serien |0 (DE-627)1275295363 |0 (DE-625)rvk/135978: |0 (DE-576)205295363 |
| 936 | r | u | |a PH 3860 |b Schwangerschaftsabbruch |k Rechtswissenschaft |k Strafrecht, Strafverfahrensrecht, Kriminologie |k Strafrecht |k Straftaten gegen die Person |k Schwangerschaftsabbruch |0 (DE-627)1272088294 |0 (DE-576)202088294 |z Ungueltig |
| 936 | r | u | |a PI 4550 |b Schwangerschaftsabbruch, Sterilisation |k Rechtswissenschaft |k Allgemeine Rechtslehre und Rechtstheorie, Rechts- und Staatsphilosophie, Rechtssoziologie |k Strafrechtsphilosophie sowie weltanschaulich umstrittene Fragen des Rechts |k Medizinisch-juristische Fragen |k Schwangerschaftsabbruch, Sterilisation |0 (DE-627)1271266423 |0 (DE-576)201266423 |z Ungueltig |
| 936 | b | k | |a 86.35 |j Strafrecht: Besonderer Teil |0 (DE-627)106416731 |
| 936 | b | k | |a 71.33 |j Frau |x Soziologie |0 (DE-627)106412671 |
| 936 | s | n | |a p100 |2 mzub |
| 936 | s | n | |a w200 |2 mzub |
| 936 | s | n | |a m100 |2 mzub |
| 936 | s | n | |a c100 |2 mzub |
| 951 | |a BO | ||
| ELC | |b 1 | ||
| LOK | |0 000 xxxxxcx a22 zn 4500 | ||
| LOK | |0 001 3220471277 | ||
| LOK | |0 003 DE-627 | ||
| LOK | |0 004 236320394 | ||
| LOK | |0 005 20151116135805 | ||
| LOK | |0 008 150728||||||||||||||||ger||||||| | ||
| LOK | |0 035 |a (DE-21-110)kd57094 | ||
| LOK | |0 040 |a DE-21-110 |c DE-627 |d DE-21-110 | ||
| LOK | |0 689 |a s |a Strafrecht | ||
| LOK | |0 689 |a s |a Recht | ||
| LOK | |0 689 |a s |a Geschichte | ||
| LOK | |0 689 |a s |a Moral | ||
| LOK | |0 689 |a s |a Kindstötung | ||
| LOK | |0 689 |a s |a Strafrechtstheorien | ||
| LOK | |0 689 |a s |a Rechtsgüterschutz | ||
| LOK | |0 689 |a s |a Pönalisierungspflicht | ||
| LOK | |0 689 |a s |a Bestrafungspflicht | ||
| LOK | |0 689 |a s |a Abtreibung | ||
| LOK | |0 852 |z Kein Bestand am IfK; Nachweis für KrimDok | ||
| LOK | |0 852 |a DE-21-110 | ||
| LOK | |0 852 1 |9 00 | ||
| LOK | |0 935 |a k110 | ||
| LOK | |0 939 |a 28-07-15 |b l01 | ||
| ORI | |a SA-MARC-krimdoka001.raw | ||
